000 00619cam a2200205 4500
001 D15686
008 090401t1971 xxu||||| |||| 00| 0 eng d
035 _a(Sirsi) u24582
041 _aeng
050 _a389.152
090 _aRICS 1970/23ABCDE
110 _aRoyal Institution of Chartered Surveyors
_94900
245 _aMetrication matters: a handbook on metrication particularly for those interested in urban and rural property
260 _bRICS, on behalf of the Chartered Land So
_c1971
300 _aviii. 78p
350 _a0.5
520 _aFiled in box 1970/23 ABC
942 _n0
948 _c04/03/1997
999 _c88570
_d88570